Subnautica All Sub-Biomes - Statistics

General Stats
  • This quiz has been taken 64 times
  • The average score is 20 of 51
Answer Stats
Depth / Water
Colour
Biome % Correct
0 - 80 m Safe Shallows
88%
0 - 160 m Kelp Forest
82%
525 - 1065 m Lost River
80%
960 - 1390 m Inactive Lava Zone
76%
0 - 560 m Mountains
76%
90 - 570 m Grand Reef
75%
≥ 0 m Floating Island
73%
170 - 620 m (Northern) Blood Kelp Zone / Blood Kelp Islands
71%
0 - 8192 m Crater Edge
69%
≥ 0 m Mountain Island
69%
≥ 0 - 560 m Crash Zone
67%
65 - 530 m Dunes
67%
140 - 540 m Bulb Zone
65%
20 - 310 m Sparse Reef
65%
40 - 200 m Grassy Plateaus
63%
45 - 560 m Crag Field
61%
≥ 0 - 560 m (Main Biome) Aurora Wreckage
59%
390 - 640 m Deep Grand Reef
55%
50 - 250 m Mushroom Forest
55%
170 - 425 m Sea Treader's Path
55%
25 - 540 m Underwater Islands
55%
100 - 675 m Blood Kelp Trench
51%
1280 - 1470 m Lava Lakes
51%
135 - 305 m Jellyshroom Caves
43%
1100 - 1300 m Lava Castle
43%
525 - 1065 m (Main Biome) Lost River TreeCove
24%
120 - 420 m Grand Reef Caves
22%
90-170 m Kelp Forest Caves
22%
525 - 1065 m (Main Biome) Lost River Bone Fields
22%
10 - 75 m Safe Shallows Caves
22%
285 - 675 m Blood Kelp Caves
20%
220 - 315 m Bulb Zone Caves
20%
≥ 0 - 560 m(Main Biome) Crash Zone Mesas
20%
210 - 290 m Deep Sparse Reef
20%
400 - 420 m Dunes Caves
20%
120 - 245 m Grassy Plateaus Caves
20%
170 - 250 m Mushroom Forest Caves
20%
0 - 380 m Mountains Caves
18%
195 - 370 m Underwater Islands Caves
14%
800 - 1200 m Inactive Lava Zone Corridor
12%
525 - 1065 m (Main Biome) Lost River GhostForest
12%
525 - 1065 m (Main Biome) Lost River Junction
12%
525 - 1065 m (Main Biome) Lost River MountainsCorridor
10%
960 - 1390 m(Main Biome) Lava Pit
8%
610 - 710 m Lost River Bone Fields Caves
8%
200 - 340 m Sea Treader's Tunnel Caves
8%
≥ 0 m Crash Zone Spit
6%
≥ 0 - 560 m(Main Biome) Crash Zone Trench
6%
960 - 1390 m (Main Biome) Inactive Lava Chamber
6%
525 - 1065 m (Main Biome) Lost River Corridor
6%
525 - 1065 m (Main Biome) Lost River GhostCanyon
6%
No matching quizzes found
Score Distribution
Percent of People with Each Score
Percentile by Number Answered
Your Score History
You have not taken this quiz